Polymer Science (Record no. 40969)

MARC details
000 -LEADER
fixed length control field 00385nam a2200169Ia 4500
008 - FIXED-LENGTH DATA ELEMENTS--GENERAL INFORMATION
fixed length control field 230524s9999 xx 000 0 und d
020 ## - INTERNATIONAL STANDARD BOOK NUMBER
ISBN 8127219894
082 ## - DEWEY DECIMAL CLASSIFICATION NUMBER
Classification number 542
Item number NAY
100 ## - MAIN ENTRY--AUTHOR NAME
Personal name Padma L.Nayak
245 #0 - TITLE STATEMENT
Title Polymer Science
250 ## - EDITION STATEMENT
Edition statement IST
260 ## - PUBLICATION, DISTRIBUTION, ETC. (IMPRINT)
Place of publication MEERUT
Name of publisher Kalyani
Year of publication 2008
300 ## - PHYSICAL DESCRIPTION
Number of Pages XIX;982
500 ## - GENERAL NOTE
General note Quantity Number: 3
650 ## - SUBJECT ADDED ENTRY--TOPICAL TERM
Topical Term Chemistry
942 ## - ADDED ENTRY ELEMENTS (KOHA)
Koha item type Books
Holdings
Lost status Damaged status Permanent Location Current Location Shelving location Date acquired Full call number Accession Number Koha item type
    Central Library, Trident Academy of Technology Central Library, Trident Academy of Technology General Stacks 05/24/2023 542 NAY 26891 Books
    Central Library, Trident Academy of Technology Central Library, Trident Academy of Technology General Stacks 05/24/2023 542 NAY 26892 Books
    Central Library, Trident Academy of Technology Central Library, Trident Academy of Technology General Stacks 05/24/2023 542 NAY 26893 Books
Trident Academy of Technology © 2023.
All rights reserved.                                                                                                                                                                                                        Designed by Team of Central Library .

Powered by Koha